000 00564nam a22002177a 4500
942 _cBK
999 _c611
_d611
005 20250420134818.0
008 200813b ||||| |||| 00| 0 eng d
020 _a9780077152352
040 _cKCST
082 _a302
_bMy So
100 _aMyers, David
_95074
245 _aSocial psychology /
_cDavid Myers; Jeff Abell; Fabio Sani
250 _a2nd edition
260 _aLondon:
_bMcGraw-Hill,
_c2014.
300 _a719 p.
650 _aSocial psychology
_95075
700 _aAbell, Jackie
_95076
700 _aSani, Fabio
_95077
942 _2ddc